| 000 | 00814cam a22002055a 4500 | ||
|---|---|---|---|
| 001 | L160129 | ||
| 008 | 180719s2018 xxk f 000 0 eng d | ||
| 035 | _a(Sirsi) u160129 | ||
| 041 | 0 | _aeng | |
| 110 | 2 |
_aChartered Institute of Housing _92394 |
|
| 245 | 0 | 0 |
_aGoing digital _bgearing up for the future _h[electronic resource] |
| 260 |
_aCoventry _bCIOH _c2018 |
||
| 520 | _aLooks at what is driving social landlords' digital development and how are they going about it. | ||
| 590 | _aNTK | ||
| 650 | 2 | 4 | _aSOCIAL HOUSING |
| 651 | 4 |
_aUnited Kingdom _y |
|
| 690 |
_aResidential property _96266 |
||
| 856 | 4 | 0 |
_uhttps://www.cih.org/publication-free/display/vpathDCR/templatedata/cih/publication-free/data/Going_digital_gearing_up_for_the_future _zView the item free of charge from www.cih.org website. |
| 942 | _n0 | ||
| 999 |
_c116241 _d116241 |
||